| 000 | 00369nam a22001457a 4500 | ||
|---|---|---|---|
| 020 | _a9780070260627 | ||
| 040 | _cNust | ||
| 082 |
_a621.4021 _bNAG |
||
| 100 |
_aPK NAG _954183 |
||
| 245 | _aEngineering Thermodynamics | ||
| 250 | _a4th Edition | ||
| 260 |
_aNew Delhi: _bTata McGraw- Hill, _c2008. |
||
| 650 |
_aEngineering Thermodynamics _959703 |
||
| 942 |
_2ddc _cBK |
||
| 999 |
_c615153 _d615153 |
||